000 00579nam a22001937a 4500
999 _c442602
_d442602
003 UA-OsUOA
005 20191023105152.0
008 191023b un ||||| |||| 00| 0 ukr d
040 _aUA-OsUOA
_bukr
_cUA-OsUOA
_dUA-OsUOA
041 _aukr
080 _a821.161.2
090 _a821.161.2
_bН24
100 _aНамора Ф
245 _aЖиття потайки
_bроман
_cФернанду Намора ; перекл. з португ. Віктора Шовкуна
260 _aКиїв
_bМолодь
_c1975
300 _a193 с.
942 _2udc
_cBK
955 _a3